| 000 | 01038cab a22002295a 4500 | ||
|---|---|---|---|
| 001 | L149494 | ||
| 008 | 100309e20100129xxkdo f s 000 0 eng d | ||
| 035 | _a(Sirsi) u149494 | ||
| 041 | 0 | _aeng | |
| 100 | 1 | _aFordham, Peter | |
| 245 | 0 | 0 |
_aMarket forecast _banother tough year |
| 260 | _c2010 | ||
| 490 | 0 |
_aBuilding _v275 (8614) 29 January 2010, 48-50(3) |
|
| 520 | _aDavis Langdon Tender Price Index continued to decline in the fourth quarter of 2009 but the rate of fall decreased; this still leaves prices 17% below their peak 18 months ago. The Building Cost Index rose 1% in the fourth quarter as materials prices increased but still showed a fall of 0.3% over the year. The retail prices index increased 3.8% between January and December 2009. With 10 key factors that will affect demand in 2010. | ||
| 590 | _aKA | ||
| 650 | 2 | 4 | _aDAVIS LANGDON TENDER PRICE INDEX |
| 650 | 2 | 4 | _aBUILDING COST INDEX |
| 650 | 2 | 4 | _aCREDIT CRUNCH |
| 651 | 4 |
_aUnited Kingdom _y |
|
| 690 | _aBUILT ENVIRONMENT-CONSTRUCTION MARKET | ||
| 942 | _n0 | ||
| 999 |
_c82188 _d82188 |
||